[Event "10. Lichtenberger Sommer"]
[Site "Berlin"]
[Date "2011.08.18"]
[Round "6.9"]
[White "Heuser, Philip"]
[Black "Bruchmann, Stephan"]
[Result "0-1"]
[WhiteElo "2146"]
[BlackElo "2304"]
[PlyCount "112"]
[EventDate "2011.??.??"]
[WhiteTeam "SG Heidelberg-Kirchheim"]
[BlackTeam "SC Rotation Pankow e.V."]

1. d4 d5 2. c4 e6 3. Nc3 c6 4. cxd5 exd5 5. Qc2 Bd6 6. Nf3 Ne7 7. Bg5 f6 8. Bh4
Bf5 9. Qd2 Nd7 10. e3 O-O 11. Bd3 Nb6 12. Qc2 Bxd3 13. Qxd3 Qd7 14. Bg3 Nbc8
15. Rc1 Qe6 16. Bxd6 Nxd6 17. O-O Nc4 18. Nd2 f5 19. f3 Nxd2 20. Qxd2 Rae8 21.
Rfe1 Qg6 22. b4 a6 23. a4 Nc8 24. b5 axb5 25. axb5 Nd6 26. bxc6 bxc6 27. Qd3
Rf6 28. Na4 Nc4 29. Nc5 Qh5 30. e4 Rh6 31. h3 Qh4 32. Re2 Nd6 33. e5 Nb5 34.
Nb3 Qg5 35. f4 Qh5 36. Rec2 Ree6 37. Rxc6 Rxc6 38. Rxc6 Rxc6 39. Qxb5 Rc8 40.
Qxd5+ Kh8 41. Qd7 Rb8 42. Nc5 h6 43. Ne6 Qg6 44. d5 Qg3 45. Qxg7+ Qxg7 46. Nxg7
Kxg7 47. Kf2 Rb3 48. g4 Kg6 49. d6 Rxh3 50. d7 Rd3 51. e6 Kf6 52. gxf5 Ke7 53.
Ke2 Rd5 54. Kf3 Rxf5 55. Kg4 Rf8 56. f5 h5+ 0-1

[Event "10. Lichtenberger Sommer"]
[Site "Berlin"]
[Date "2011.08.18"]
[Round "6.11"]
[White "Cusnariov, Nikolai"]
[Black "Sevian, Armen"]
[Result "1/2-1/2"]
[WhiteElo "2143"]
[BlackElo "2208"]
[PlyCount "63"]
[EventDate "2011.??.??"]
[WhiteTeam "USV Potsdam e.V., Abt. Schach"]
[BlackTeam "vereinslos"]

1. Nf3 Nf6 2. d4 e6 3. g3 b6 4. Bg2 Bb7 5. O-O Be7 6. c4 O-O 7. Nc3 Ne4 8. Qc2
Nxc3 9. Qxc3 f5 10. b3 d6 11. e3 Nd7 12. Bb2 Bf6 13. Qd2 Qe7 14. Rad1 Rad8 15.
Qe2 e5 16. Rfe1 Bxf3 17. Qxf3 g6 18. Qb7 Rc8 19. dxe5 Nxe5 20. Qxa7 Nf3+ 21.
Bxf3 Bxb2 22. Re2 Be5 23. Qb7 g5 24. Qd5+ Kg7 25. Bg2 g4 26. f4 gxf3 27. Qxf3
Qg5 28. Rf1 Rf7 29. Ref2 Rcf8 30. Kh1 h5 31. Bh3 Rf6 32. Bg2 1/2-1/2

[Event "10. Lichtenberger Sommer"]
[Site "Berlin"]
[Date "2011.08.18"]
[Round "6.12"]
[White "Kornrumpf, Joachim"]
[Black "Kohler, Thomas"]
[Result "1/2-1/2"]
[WhiteElo "2099"]
[BlackElo "2255"]
[PlyCount "45"]
[EventDate "2011.??.??"]
[WhiteTeam "Preetzer TSV"]
[BlackTeam "SC Zitadelle Spandau 1977 e.V."]

1. b3 e5 2. Bb2 d6 3. e3 Nf6 4. Bb5+ Nbd7 5. Nf3 g6 6. O-O Bg7 7. d4 e4 8. Nfd2
O-O 9. Be2 Re8 10. c4 Nf8 11. Nc3 h5 12. Qc2 Bf5 13. Rac1 N8h7 14. Nd5 h4 15.
Rfe1 Ng5 16. Nxf6+ Qxf6 17. Bc3 c6 18. d5 Qxc3 19. Qxc3 Bxc3 20. Rxc3 c5 21. a3
a5 22. Rb1 Ra6 23. Bd1 1/2-1/2

[Event "10. Lichtenberger Sommer"]
[Site "Berlin"]
[Date "2011.08.18"]
[Round "6.15"]
[White "Oberhofer, Andre"]
[Black "Schulz, Hartmut"]
[Result "1-0"]
[WhiteElo "2308"]
[BlackElo "2098"]
[PlyCount "157"]
[EventDate "2011.??.??"]
[WhiteTeam "Saarbrücker Gambit 89 e.V."]
[BlackTeam "SC Rotation Pankow e.V."]

1. e4 c6 2. d4 d5 3. Nc3 dxe4 4. Nxe4 Nd7 5. Ng5 Ngf6 6. Bd3 e6 7. Ne2 Bd6 8.
O-O h6 9. Nf3 Qc7 10. Re1 c5 11. Nc3 a6 12. d5 Ne5 13. Nxe5 Bxe5 14. h3 O-O 15.
Qf3 c4 16. Bf1 exd5 17. Nxd5 Nxd5 18. Qxd5 Bh2+ 19. Kh1 Be6 20. Qe4 Rad8 21.
Be3 Be5 22. Bxh6 Bxb2 23. Rab1 Bd5 24. Qg4 Bf6 25. a4 Qc6 26. a5 Bc3 27. Re3
Bd4 28. Qxd4 Qxh6 29. Qc3 Qf4 30. Rg3 f6 31. Kg1 Qe5 32. Bxc4 Qxc3 33. Rxc3
Bxc4 34. Rxc4 Rf7 35. Rcb4 Rdd7 36. g3 Rc7 37. R1b2 Rfe7 38. Kg2 Kf7 39. Rb6
Ke8 40. Kf3 Rc3+ 41. Kg2 Rcc7 42. h4 Kf7 43. Kf3 Rc3+ 44. Kg4 Rcc7 45. h5 Red7
46. R2b4 Re7 47. c4 Kg8 48. f4 Kh7 49. Rd6 Rc5 50. Rd5 Rc6 51. c5 Rec7 52. Rc4
g6 53. hxg6+ Kxg6 54. f5+ Kh6 55. Rc1 Rg7+ 56. Kf4 Rgc7 57. Rc2 Kg7 58. g4 Kh6
59. Rc1 Kg7 60. g5 fxg5+ 61. Kxg5 Kf7 62. Rc2 Kf8 63. f6 Kf7 64. Rf5 Rc8 65.
Rb2 R8c7 66. Rh2 Rxc5 67. Rh7+ Ke6 68. Rxc5 Rxc5+ 69. Kg6 Rxa5 70. Re7+ Kd6 71.
Rxb7 Ra1 72. f7 Rg1+ 73. Kf6 Rf1+ 74. Kg7 Rg1+ 75. Kf8 a5 76. Ra7 Rg5 77. Ke8
Re5+ 78. Kd8 Rf5 79. Ra6+ 1-0

[Event "10. Lichtenberger Sommer"]
[Site "Berlin"]
[Date "2011.08.18"]
[Round "6.16"]
[White "Burger, Heinrich"]
[Black "Foerster, Jonas"]
[Result "1/2-1/2"]
[WhiteElo "2166"]
[BlackElo "2230"]
[PlyCount "46"]
[EventDate "2011.??.??"]
[WhiteTeam "VfB Hermsdorf e.V."]
[BlackTeam "SSC Rostock 07"]

1. Nf3 Nf6 2. c4 g6 3. Nc3 Bg7 4. g3 O-O 5. Bg2 c6 6. O-O d5 7. cxd5 Nxd5 8.
Nxd5 cxd5 9. d4 Nc6 10. e3 Bf5 11. Bd2 Qb6 12. Bc3 Rfd8 13. Qd2 Be4 14. Rfc1
Rac8 15. b4 Bxf3 16. Bxf3 e5 17. dxe5 Bxe5 18. a3 Bxc3 19. Rxc3 d4 20. Rc5 Ne5
21. Rxe5 Qf6 22. Bxb7 Rb8 23. f4 dxe3 1/2-1/2

[Event "10. Lichtenberger Sommer"]
[Site "Berlin"]
[Date "2011.08.18"]
[Round "6.18"]
[White "Niehaus, Frank"]
[Black "Kirchhof, Arno"]
[Result "1-0"]
[WhiteElo "2190"]
[BlackElo "2048"]
[PlyCount "53"]
[EventDate "2011.??.??"]
[WhiteTeam "SK König Tegel 1949 e.V."]
[BlackTeam "SC Zugzwang 95 e.V."]

1. e4 e6 2. d4 d5 3. Nc3 Bb4 4. e5 c5 5. a3 Bxc3+ 6. bxc3 Ne7 7. Qg4 Qc7 8.
Qxg7 Rg8 9. Qxh7 cxd4 10. Ne2 Nbc6 11. f4 Bd7 12. Qd3 dxc3 13. Qxc3 O-O-O 14.
Rb1 Nf5 15. Rg1 d4 16. Qd3 f6 17. g4 Nh4 18. exf6 e5 19. Kf2 e4 20. Qxe4 Bxg4
21. Rxg4 Rxg4 22. Qe6+ Qd7 23. Qxd7+ Rxd7 24. Bh3 Rg6 25. Bxd7+ Kxd7 26. Rxb7+
Kc8 27. Rh7 1-0

[Event "10. Lichtenberger Sommer"]
[Site "Berlin"]
[Date "2011.08.18"]
[Round "6.19"]
[White "Simon, Ralf-Axel"]
[Black "Stadtmueller, Harald"]
[Result "1-0"]
[WhiteElo "2200"]
[BlackElo "2132"]
[PlyCount "41"]
[EventDate "2011.??.??"]
[WhiteTeam "TSG Neuruppin"]
[BlackTeam "VSG 1880 Offenbach"]

1. d4 g6 2. e4 Bg7 3. c4 d6 4. Ne2 e5 5. Be3 exd4 6. Nxd4 Nc6 7. Nc3 Nge7 8.
Be2 O-O 9. O-O f5 10. Qd2 Bxd4 11. Bxd4 f4 12. c5 Nxd4 13. Qxd4 Be6 14. Bc4
Bxc4 15. Qxc4+ Kg7 16. Rfd1 Nc6 17. cxd6 cxd6 18. Nb5 Rf6 19. Qc3 Kh6 20. Nc7
Rc8 21. Qh3+ 1-0

[Event "10. Lichtenberger Sommer"]
[Site "Berlin"]
[Date "2011.08.18"]
[Round "6.20"]
[White "Penner, Markus"]
[Black "Hein, Carsten"]
[Result "1/2-1/2"]
[WhiteElo "1949"]
[BlackElo "2182"]
[PlyCount "67"]
[EventDate "2011.??.??"]
[WhiteTeam "SK Zehlendorf e.V."]
[BlackTeam "Potsdamer SV Mitte e.V."]

1. e4 c5 2. Nf3 d6 3. d4 cxd4 4. Nxd4 Nf6 5. Nc3 a6 6. Be3 e5 7. Nb3 Be7 8. f3
Be6 9. Be2 Nbd7 10. a4 Rc8 11. O-O O-O 12. a5 Qc7 13. Qd2 Rfd8 14. Bd3 Nc5 15.
Nxc5 dxc5 16. Qf2 c4 17. Be2 Qc6 18. Rfd1 Rxd1+ 19. Rxd1 Bb4 20. Bb6 Nd7 21.
Nd5 Bxd5 22. exd5 Qb5 23. Kh1 Bxa5 24. Bxa5 Qxa5 25. Qh4 c3 26. Qe7 Nf6 27.
Qxb7 Rd8 28. b4 Qa2 29. Qc7 Rf8 30. Qxc3 Nxd5 31. Qxe5 Nxb4 32. Qe4 Qxc2 33.
Qxc2 Nxc2 34. Bxa6 1/2-1/2

[Event "10. Lichtenberger Sommer"]
[Site "Berlin"]
[Date "2011.08.18"]
[Round "6.21"]
[White "Rohde, Wolfgang"]
[Black "Franzke, Alexander"]
[Result "1-0"]
[WhiteElo "2176"]
[BlackElo "1981"]
[PlyCount "119"]
[EventDate "2011.??.??"]
[WhiteTeam "SC Friesen Lichtenberg e.V."]
[BlackTeam "Forster Schachclub 95"]

1. c4 c5 2. Nc3 g6 3. g3 Bg7 4. Bg2 Nf6 5. Nf3 O-O 6. O-O d6 7. d4 cxd4 8. Nxd4
Nbd7 9. b3 Nc5 10. Bb2 Ne6 11. Nxe6 Bxe6 12. Bxb7 Rb8 13. Bg2 Bxc4 14. Ne4 Nxe4
15. Bxg7 Kxg7 16. Bxe4 Ba6 17. Bf3 Qb6 18. Qd2 Rfc8 19. Rfc1 h5 20. Bg2 Bb7 21.
Bh3 e6 22. Qb2+ Kg8 23. Qf6 d5 24. e3 a5 25. Bf1 Ba6 26. Bxa6 Qxa6 27. Qd4 Qb5
28. Kg2 Qb4 29. Rab1 Qxd4 30. exd4 Rxc1 31. Rxc1 Rb4 32. Rc8+ Kg7 33. Ra8 Rxd4
34. Rxa5 Rd2 35. a4 d4 36. Rb5 Ra2 37. Kf3 f5 38. a5 Kf6 39. b4 e5 40. Rb6+ Ke7
41. Rxg6 e4+ 42. Kf4 Rxf2+ 43. Ke5 e3 44. Rg7+ Kf8 45. Kf6 e2 46. Rf7+ Ke8 47.
Re7+ Kd8 48. a6 f4 49. g4 e1=Q 50. Rxe1 Kc7 51. Ra1 Kb8 52. g5 f3 53. b5 Rc2
54. g6 f2 55. g7 Rc8 56. Kf7 Rc7+ 57. Kg6 Rc8 58. Kh7 d3 59. b6 d2 60. g8=Q 1-0

[Event "10. Lichtenberger Sommer"]
[Site "Berlin"]
[Date "2011.08.18"]
[Round "6.23"]
[White "Major, Vitalij"]
[Black "Zschaebitz, Klaus"]
[Result "1-0"]
[WhiteElo "2112"]
[BlackElo "2088"]
[PlyCount "141"]
[EventDate "2011.??.??"]
[WhiteTeam "SC Zitadelle Spandau 1977 e.V."]
[BlackTeam "BSG 1827 Eckbauer e.V."]

1. d4 Nf6 2. c4 c5 3. d5 b5 4. Qc2 d6 5. e4 g6 6. cxb5 a6 7. Nc3 Bg7 8. Nf3 O-O
9. Be2 Nbd7 10. O-O Ng4 11. h3 Nge5 12. Ne1 axb5 13. Bxb5 Nb6 14. Qe2 Bd7 15.
f4 Bxb5 16. Nxb5 Nec4 17. Nc3 Qd7 18. Nc2 Ra7 19. Ne3 Nxe3 20. Bxe3 Rfa8 21. e5
Ra5 22. b4 Ra3 23. bxc5 dxc5 24. Bxc5 Rxc3 25. Bxb6 Qxd5 26. a4 g5 27. fxg5
Bxe5 28. a5 Rd3 29. Rad1 Bd4+ 30. Bxd4 Qxd4+ 31. Kh1 Rxd1 32. Rxd1 Qa4 33. Rf1
e6 34. Qf3 Ra7 35. Qf6 Qxa5 36. Rd1 Ra8 37. Rd7 Qa1+ 38. Kh2 Qxf6 39. gxf6 h6
40. h4 h5 41. Rd3 Ra4 42. Rg3+ Kf8 43. Kh3 Rf4 44. Rg5 Rxf6 45. Rxh5 Rf1 46.
Kg4 Kg7 47. Ra5 Kg6 48. Re5 Kf6 49. Ra5 Rd1 50. g3 Rd4+ 51. Kf3 Rb4 52. Rc5 e5
53. g4 Rf4+ 54. Kg3 Ke6 55. h5 Ra4 56. Rc6+ Kd5 57. Rc7 Ra3+ 58. Kh4 f6 59. h6
Ra1 60. Kh5 e4 61. h7 e3 62. Kg6 Rh1 63. Re7 Kd4 64. Kg7 f5 65. gxf5 Rg1+ 66.
Kf7 Rh1 67. Kg8 Rg1+ 68. Kf8 Rh1 69. f6 Kd3 70. Ke8 Ra1 71. Rd7+ 1-0

[Event "10. Lichtenberger Sommer"]
[Site "Berlin"]
[Date "2011.08.18"]
[Round "6.24"]
[White "Perestjuk, Marko"]
[Black "Guenther, Thomas"]
[Result "1/2-1/2"]
[WhiteElo "1964"]
[BlackElo "2132"]
[PlyCount "35"]
[EventDate "2011.??.??"]
[WhiteTeam "SC Zitadelle Spandau 1977 e.V."]
[BlackTeam "SV Senat (FV Schach)"]

1. e4 c5 2. Nf3 Nc6 3. d4 cxd4 4. Nxd4 d6 5. c4 g6 6. Nc3 Bg7 7. Be3 Nf6 8. Be2
O-O 9. O-O Re8 10. Rc1 a6 11. Qd2 Qa5 12. f3 Bd7 13. Nb3 Qb4 14. Qc2 Na5 15.
Nd2 Nc6 16. Nb3 Na5 17. Nd2 Nc6 18. Nb3 1/2-1/2

[Event "10. Lichtenberger Sommer"]
[Site "Berlin"]
[Date "2011.08.18"]
[Round "6.25"]
[White "Koenig, Frank"]
[Black "Groß, Thorsten"]
[Result "0-1"]
[WhiteElo "1975"]
[BlackElo "2150"]
[PlyCount "52"]
[EventDate "2011.??.??"]
[WhiteTeam "BSG 1827 Eckbauer e.V."]
[BlackTeam "SC Weisse Dame e.V."]

1. Nf3 Nf6 2. g3 g6 3. Bg2 Bg7 4. O-O O-O 5. d3 c5 6. e4 Nc6 7. Nbd2 d6 8. a4
Qc7 9. h3 a6 10. Nc4 Rb8 11. e5 dxe5 12. Nfxe5 Nxe5 13. Nxe5 Nh5 14. Nf3 Bd7
15. a5 Bc6 16. Nd2 Bd4 17. Ne4 Nxg3 18. c3 Nxe4 19. dxe4 Bg7 20. f4 Bb5 21. Rf2
Rbd8 22. Qf3 Rd3 23. Be3 Bd4 24. cxd4 cxd4 25. Ra3 dxe3 26. Rxd3 exf2+ 0-1

[Event "10. Lichtenberger Sommer"]
[Site "Berlin"]
[Date "2011.08.18"]
[Round "6.26"]
[White "Baumbach, Friedrich"]
[Black "Strehlow, Horst"]
[Result "1/2-1/2"]
[WhiteElo "2275"]
[BlackElo "2074"]
[PlyCount "50"]
[EventDate "2011.??.??"]
[WhiteTeam "SC Friesen Lichtenberg e.V."]
[BlackTeam "SC Friesen Lichtenberg e.V."]

1. c4 Nf6 2. Nc3 d5 3. cxd5 Nxd5 4. g3 g6 5. Bg2 Nxc3 6. bxc3 Bg7 7. Nf3 O-O 8.
O-O c5 9. Qb3 Nc6 10. d3 Qc7 11. Be3 Na5 12. Qa3 b6 13. Bf4 Qd8 14. d4 cxd4 15.
Nxd4 Bxd4 16. Bxa8 Bc5 17. Qc1 Ba6 18. Bf3 Nc4 19. Qc2 e5 20. Bh6 Re8 21. Rad1
Qc8 22. Rfe1 e4 23. Bxe4 Na3 24. Qa4 Bb5 25. Qxa7 Rxe4 1/2-1/2

[Event "10. Lichtenberger Sommer"]
[Site "Berlin"]
[Date "2011.08.18"]
[Round "6.27"]
[White "Hoppensack, Manfred"]
[Black "Noetzel, Felix"]
[Result "0-1"]
[WhiteElo "2058"]
[BlackElo "2090"]
[PlyCount "138"]
[EventDate "2011.??.??"]
[WhiteTeam "SC Friesen Lichtenberg e.V."]
[BlackTeam "SC Borussia Friedrichsfelde 1920"]

1. e4 d5 2. exd5 Qxd5 3. Nf3 Bg4 4. Be2 Nc6 5. O-O O-O-O 6. d3 Nf6 7. c4 Qf5 8.
Be3 e5 9. Qa4 a6 10. Nc3 Nd4 11. Bxd4 exd4 12. Nd5 Nxd5 13. cxd5 Qxd5 14. Rfc1
Bd6 15. Rc4 c5 16. Rac1 Rhe8 17. Rxd4 Qe6 18. Re4 Qh6 19. Rxc5+ Bxc5 20. Rxe8
Qc1+ 21. Bd1 Bxf3 22. Rxd8+ Kxd8 23. gxf3 Qxb2 24. Qh4+ f6 25. Bb3 Qb1+ 26. Kg2
Qxd3 27. Qg3 Qd7 28. Qb8+ Ke7 29. Qf4 h6 30. Qc4 Qd4 31. Qe6+ Kd8 32. Qg8+ Kc7
33. Qxg7+ Kc6 34. Qg3 b5 35. f4 a5 36. f5 a4 37. Qf3+ Kd6 38. Bf7 b4 39. Be8 b3
40. axb3 a3 41. b4 Bxb4 42. Bf7 Bc5 43. Be6 Qd2 44. Qg3+ Kc6 45. Qf3+ Kb6 46.
Qb3+ Ka5 47. Qf3 Qc2 48. h3 Kb4 49. Qf4+ Kc3 50. Qc4+ Kd2 51. Qf4+ Ke1 52. Bd5
Qxf2+ 53. Qxf2+ Bxf2 54. Kf3 Bc5 55. Ke4 Kd2 56. Ba2 Kc3 57. Kd5 Be3 58. Ke6
Bg5 59. Kf7 h5 60. Kg6 h4 61. Kh5 Kb2 62. Be6 a2 63. Bxa2 Kxa2 64. Kg4 Kb3 65.
Kf3 Kc3 66. Ke4 Kd2 67. Kf3 Kd3 68. Kg4 Ke4 69. Kh5 Kf4 0-1

[Event "10. Lichtenberger Sommer"]
[Site "Berlin"]
[Date "2011.08.18"]
[Round "6.28"]
[White "Schleich, Theodor"]
[Black "Yin, Stanley"]
[Result "0-1"]
[WhiteElo "2120"]
[BlackElo "1990"]
[PlyCount "96"]
[EventDate "2011.??.??"]
[WhiteTeam "FC Bayern München e.V."]
[BlackTeam "SC Caissa Schwarzenbach"]

1. d4 d5 2. Bg5 c6 3. Nf3 g6 4. e3 Bg7 5. c4 Qa5+ 6. Nc3 Nf6 7. Nd2 Ne4 8.
Ndxe4 dxe4 9. Bf4 e5 10. dxe5 Bxe5 11. Bxe5 Qxe5 12. Qd4 Qxd4 13. exd4 f5 14.
Be2 O-O 15. f3 Na6 16. a3 exf3 17. Bxf3 Be6 18. b3 Rae8 19. O-O-O g5 20. Bh5
Bf7 21. Bxf7+ Rxf7 22. Rhe1 Rfe7 23. Kd2 Rxe1 24. Rxe1 Rxe1 25. Kxe1 Kf7 26.
Ke2 Ke6 27. Ke3 Nc7 28. b4 a6 29. a4 Ne8 30. a5 Nd6 31. Kd3 h5 32. Na4 f4 33.
Nc3 Kf5 34. c5 Nf7 35. b5 axb5 36. Nxb5 g4 37. Na7 h4 38. Nxc6 g3 39. hxg3 f3
40. Ke3 fxg2 41. Kf2 h3 42. Ne5 Ng5 43. Kg1 Ke4 44. c6 bxc6 45. Kf2 Kxd4 46. a6
Ne4+ 47. Kg1 Nxg3 48. Kh2 Kxe5 0-1

[Event "10. Lichtenberger Sommer"]
[Site "Berlin"]
[Date "2011.08.18"]
[Round "6.29"]
[White "Kievelitz, Bernd"]
[Black "Pueschel, Werner"]
[Result "1/2-1/2"]
[WhiteElo "2070"]
[BlackElo "2163"]
[PlyCount "76"]
[EventDate "2011.??.??"]
[WhiteTeam "SC Zitadelle Spandau 1977 e.V."]
[BlackTeam "SG Lasker Steglitz-Wilmersdorf"]

1. Nf3 Nf6 2. c4 d6 3. d4 Nbd7 4. Nc3 e5 5. g3 g6 6. Bg2 Bg7 7. O-O O-O 8. dxe5
dxe5 9. Bg5 h6 10. Bxf6 Bxf6 11. Qd2 Kh7 12. Rfd1 c6 13. Ne4 Qe7 14. Nxf6+ Nxf6
15. Qc3 Re8 16. Nd2 Bf5 17. e4 Bg4 18. Re1 Rad8 19. h3 Qd6 20. Nf1 Bc8 21. Qc2
Qc5 22. Rad1 Nh5 23. Kh2 a5 24. Ne3 Ng7 25. Rxd8 Rxd8 26. Rd1 Rd4 27. Rxd4 exd4
28. Nd1 b5 29. b3 Ba6 30. Nb2 bxc4 31. Bf1 Qb6 32. Bxc4 Bxc4 33. Qxc4 Ne6 34.
f4 d3 35. Nxd3 Qe3 36. Kg2 c5 37. Nf2 Kg8 38. Qd3 Qc1 1/2-1/2

[Event "10. Lichtenberger Sommer"]
[Site "Berlin"]
[Date "2011.08.18"]
[Round "6.30"]
[White "Albrecht, Rainer"]
[Black "Muskewitz, Bernd"]
[Result "1-0"]
[WhiteElo "2125"]
[BlackElo "1998"]
[PlyCount "31"]
[EventDate "2011.??.??"]
[WhiteTeam "SC Kreuzberg e.V."]
[BlackTeam "TSG Oberschöneweide e.V."]

1. c4 b6 2. d4 e6 3. e4 Bb7 4. Bd3 d5 5. cxd5 exd5 6. e5 c5 7. Nf3 Ne7 8. O-O
Ng6 9. Re1 Bc8 10. Ng5 Be7 11. Qh5 Bxg5 12. Bxg5 Ne7 13. e6 g6 14. exf7+ Kd7
15. Qh3+ Kc6 16. Qe3 1-0

[Event "10. Lichtenberger Sommer"]
[Site "Berlin"]
[Date "2011.08.18"]
[Round "6.31"]
[White "Fischer, Daniel"]
[Black "Mai, Andreas"]
[Result "0-1"]
[WhiteElo "2109"]
[BlackElo "1943"]
[PlyCount "60"]
[EventDate "2011.??.??"]
[WhiteTeam "SK Oberkirch"]
[BlackTeam "SC Friesen Lichtenberg e.V."]

1. c4 g6 2. g3 Bg7 3. Bg2 Nf6 4. Nc3 O-O 5. d3 e5 6. e4 Nc6 7. Nge2 d6 8. O-O
Ne8 9. Be3 f5 10. exf5 gxf5 11. d4 f4 12. gxf4 exd4 13. Nxd4 Nxd4 14. Bxd4 Rxf4
15. Bxg7 Nxg7 16. c5 Kh8 17. cxd6 cxd6 18. Qd2 Rh4 19. Rad1 Bh3 20. Bxh3 Rxh3
21. Qxd6 Qh4 22. Rd4 Qh5 23. Re1 Rg8 24. Qd5 Qh6 25. Rg4 Rxh2 26. Re7 Rh5 27.
Qxb7 Qc1+ 28. Kg2 Qh1+ 29. Kg3 Qh3+ 30. Kf4 Ne6+ 0-1

[Event "10. Lichtenberger Sommer"]
[Site "Berlin"]
[Date "2011.08.18"]
[Round "6.33"]
[White "Elsing, Jan"]
[Black "Lagunow, Raphael"]
[Result "1/2-1/2"]
[WhiteElo "2124"]
[BlackElo "1749"]
[PlyCount "126"]
[EventDate "2011.??.??"]
[WhiteTeam "SC Friesen Lichtenberg e.V."]
[BlackTeam "TuS Makkabi Berlin e.V."]

1. e4 e5 2. Nf3 Nc6 3. Bb5 a6 4. Ba4 Nf6 5. O-O Be7 6. Bxc6 dxc6 7. Qe1 c5 8.
d3 Nd7 9. a4 O-O 10. Nc3 f6 11. Nd5 Nb8 12. b3 Nc6 13. Ba3 Be6 14. Nxe7+ Qxe7
15. Qc3 b6 16. h3 Qd7 17. Kh2 Nd4 18. Nxd4 cxd4 19. Qe1 Rfc8 20. f4 c5 21. fxe5
Qc7 22. Bc1 Bf7 23. Qg3 Qxe5 24. Bf4 Qe6 25. Bd6 Rc6 26. e5 f5 27. Qf3 Rcc8 28.
Qxf5 Qxf5 29. Rxf5 Be6 30. Rf4 h6 31. Kg3 Ra7 32. Raf1 Rf7 33. Rxf7 Bxf7 34.
Rf4 Be6 35. Kf2 Kh7 36. g4 Kg6 37. Kf3 h5 38. Rf8 hxg4+ 39. hxg4 Rxf8+ 40. Bxf8
Kg5 41. Be7+ Kg6 42. Kf4 Bd5 43. a5 bxa5 44. Bxc5 a4 45. bxa4 Ba2 46. Bxd4 Bb1
47. c4 Bxd3 48. c5 Bc4 49. c6 Be6 50. a5 Kf7 51. Bc5 Bd5 52. c7 Bb7 53. Bd6 Ke6
54. g5 g6 55. Bb4 Kd7 56. Ba3 Bd5 57. Bd6 Bb7 58. Ke3 Bc8 59. Kd4 Kc6 60. Bc5
Be6 61. Bb6 Bc8 62. e6 Bxe6 63. Ke5 Bf5 1/2-1/2

[Event "10. Lichtenberger Sommer"]
[Site "Berlin"]
[Date "2011.08.18"]
[Round "6.34"]
[White "Hahlbohm, Matthias"]
[Black "Tscheuschner, Georg"]
[Result "1-0"]
[WhiteElo "2075"]
[BlackElo "1837"]
[PlyCount "103"]
[EventDate "2011.??.??"]
[WhiteTeam "TSG Oberschöneweide e.V."]
[BlackTeam "SG Grün-Weiß Baumschulenweg e.V."]

1. e4 c5 2. Nf3 d6 3. d4 cxd4 4. Nxd4 Nf6 5. Nc3 a6 6. Be2 e6 7. Nb3 Qc7 8. a4
b6 9. f4 Bb7 10. Bf3 Nbd7 11. O-O Be7 12. Qe2 O-O 13. Be3 Rac8 14. Nd2 Rfd8 15.
Rfd1 Nc5 16. Bf2 e5 17. Bg3 Ne6 18. fxe5 dxe5 19. Nb3 Bc5+ 20. Nxc5 Qxc5+ 21.
Bf2 Nd4 22. Qf1 Qb4 23. Rab1 Nxc2 24. Bh4 Rxd1 25. Qxd1 Qc5+ 26. Kh1 Nd4 27.
Bxf6 gxf6 28. Bg4 Re8 29. Qe1 Qf8 30. Qf2 Qh6 31. Rf1 Kg7 32. Bf5 Rd8 33. h3
Rd6 34. Bg4 Ne6 35. Bxe6 fxe6 36. Qe2 Rd4 37. Rf3 Qg5 38. Kh2 Rd2 39. Qf1 Kf7
40. b4 h5 41. Rd3 f5 42. Rxd2 Qxd2 43. Qc4 Bxe4 44. Nxe4 fxe4 45. Qc7+ Kf6 46.
Qc8 e3 47. Qf8+ Kg5 48. Qg7+ Kf5 49. Qh7+ Kf6 50. Qh6+ Ke7 51. b5 axb5 52. axb5
1-0

[Event "10. Lichtenberger Sommer"]
[Site "Berlin"]
[Date "2011.08.18"]
[Round "6.35"]
[White "Barwich, Alfred"]
[Black "Pappenheim, Rainer"]
[Result "0-1"]
[WhiteElo "1959"]
[BlackElo "2081"]
[PlyCount "132"]
[EventDate "2011.??.??"]
[WhiteTeam "SV Berolina Mitte e.V."]
[BlackTeam "SC Starnberg"]

1. d4 d5 2. c4 c6 3. Nf3 Nf6 4. Nc3 dxc4 5. Bg5 Bf5 6. Bxf6 exf6 7. e4 Be6 8.
d5 Bg4 9. Bxc4 Bd6 10. h3 Bxf3 11. Qxf3 O-O 12. O-O-O Qc7 13. Kb1 Nd7 14. Qe2
Rfd8 15. dxc6 bxc6 16. g3 Rab8 17. Rd2 Be5 18. Rc2 Qa5 19. Rhc1 Rb4 20. Rd1 Nc5
21. Rxd8+ Qxd8 22. f4 Bxc3 23. Rxc3 Qd4 24. Bxf7+ Kf8 25. Bb3 Nxb3 26. axb3
Qxe4+ 27. Qxe4 Rxe4 28. Rxc6 Re7 29. b4 Rb7 30. Kc2 Ke7 31. Kc3 Kd7 32. Ra6
Rc7+ 33. Kd4 Rb7 34. Kc4 Rc7+ 35. Kb3 Kc8 36. b5 Kb7 37. Rd6 Re7 38. Kc4 Kc7
39. Kd5 Re3 40. Rc6+ Kb7 41. Rc3 Re2 42. b3 Kb6 43. Rc6+ Kb7 44. Kd4 Rd2+ 45.
Ke4 Rb2 46. Rc3 Kb6 47. Kf5 Rd2 48. h4 Rd6 49. h5 Rd5+ 50. Ke6 Rxh5 51. f5 Rg5
52. Rf3 Kxb5 53. Kd6 a5 54. Kc7 Kb4 55. Kb6 h6 56. Rf4+ Kxb3 57. Kxa5 Rxg3 58.
Kb5 Kc3 59. Kc5 Rg5 60. Kd5 g6 61. Ke6 Rxf5 62. Rg4 Rg5 63. Rh4 f5 64. Rxh6 Kd4
65. Kf6 Rg4 66. Rh8 f4 0-1

[Event "10. Lichtenberger Sommer"]
[Site "Berlin"]
[Date "2011.08.18"]
[Round "6.37"]
[White "Mueller, Achim"]
[Black "Kutzner, Stephen"]
[Result "0-1"]
[WhiteElo "2074"]
[BlackElo "2089"]
[PlyCount "82"]
[EventDate "2011.??.??"]
[WhiteTeam "Verein Rheinbacher Schachfreunde"]
[BlackTeam "SC 1950 Remagen"]

1. d4 Nf6 2. c4 e6 3. Nf3 d5 4. Nc3 Be7 5. Bg5 O-O 6. e3 Nbd7 7. cxd5 exd5 8.
Bd3 c6 9. Qc2 Re8 10. h3 h6 11. Bf4 Nf8 12. O-O Ne6 13. Be5 Bd6 14. Rac1 Ng5
15. Nxg5 hxg5 16. Bxf6 Qxf6 17. e4 Qxd4 18. Rce1 Bd7 19. exd5 cxd5 20. Qd2 Bf5
21. Rd1 Qe5 22. f4 Qd4+ 23. Kh1 Qxd3 24. Qf2 Qa6 25. Rxd5 g6 26. fxg5 Be5 27.
g4 Bg3 28. Qf3 Be6 29. Rdd1 Qc6 30. Rd5 Rad8 31. Rxd8 Rxd8 32. Ne4 Be5 33. Re1
Bxb2 34. Kg1 Bd4+ 35. Kh2 Be5+ 36. Kg1 Bd4+ 37. Kh2 Qc7+ 38. Kg2 Qc2+ 39. Re2
Qc6 40. Kh2 Qc7+ 41. Kg2 Bd5 0-1

[Event "10. Lichtenberger Sommer"]
[Site "Berlin"]
[Date "2011.08.18"]
[Round "6.38"]
[White "Krefenstein, Sergej"]
[Black "Arnold, Rouven"]
[Result "1/2-1/2"]
[WhiteElo "2031"]
[BlackElo "1799"]
[PlyCount "72"]
[EventDate "2011.??.??"]
[WhiteTeam "TuS Makkabi Berlin e.V."]
[BlackTeam "Schachverein Grünfeld e.V."]

1. e4 e6 2. d3 d5 3. Nd2 Nf6 4. g3 c5 5. Bg2 g6 6. f4 Bg7 7. Ngf3 Nc6 8. O-O
Qb6 9. h3 O-O 10. Kh2 dxe4 11. dxe4 Rd8 12. Qe2 Nd4 13. Nxd4 cxd4 14. e5 Nd5
15. Ne4 Bd7 16. a4 Bc6 17. b3 a5 18. Bd2 Nb4 19. Bxb4 Qxb4 20. Rfd1 Rac8 21.
Nd6 Rxd6 22. exd6 Qxd6 23. Rd3 Bxg2 24. Qxg2 Qc7 25. Rd2 d3 26. Rc1 Bb2 27.
Rcd1 dxc2 28. Rxc2 Qxc2 29. Rd8+ Kg7 30. Rxc8 Qxc8 31. Qxb2+ f6 32. b4 axb4 33.
Qxb4 Qd7 34. a5 Kf7 35. Qb6 h5 36. h4 Qd2+ 1/2-1/2

[Event "10. Lichtenberger Sommer"]
[Site "Berlin"]
[Date "2011.08.18"]
[Round "6.39"]
[White "Schlüter, Bernd"]
[Black "Sabrowski, Uwe"]
[Result "0-1"]
[WhiteElo "1987"]
[BlackElo "2099"]
[PlyCount "60"]
[EventDate "2011.??.??"]
[WhiteTeam "SV Rochade Potsdam-West e.V."]
[BlackTeam "SC Friesen Lichtenberg e.V."]

1. d4 f5 2. c4 Nf6 3. g3 g6 4. Bg2 Bg7 5. Nf3 O-O 6. Nc3 d6 7. O-O Qe8 8. Re1
Qf7 9. e4 fxe4 10. Nxe4 Nxe4 11. Rxe4 Bf5 12. Ng5 Qf6 13. Rh4 h6 14. Ne4 Bxe4
15. Bxe4 g5 16. Rg4 Qxf2+ 17. Kh1 Nc6 18. Bxg5 hxg5 19. Rxg5 e6 20. Qh5 Rf7 21.
Qh7+ Kf8 22. d5 Qe2 23. Bg2 exd5 24. Rxg7 Rxg7 25. Qh6 Ne5 26. Rf1+ Nf7 27.
Qh8+ Rg8 28. Rxf7+ Kxf7 29. Bxd5+ Kg6 30. Bxg8 Qf1# 0-1